000 00838nam a2200229Ii 4500
003 JO-AjNU
008 230605s9999||||xx |||||||||||||| ||und||
017 _a1998/7/1191
020 _a9957-07-008-X
040 _aJO-AjNU
_bara
_erda
_cJO-AjNU
041 _aara
050 1 4 _aHV2474 .K4232 2008
100 3 _aالخطيب، جمال محمد,
_eauthor
_925952
245 0 0 _aمقدمة في الاعاقة السمعية
250 _aط3 معدلة ومنقحة
264 3 1 _aعمان: دار الفكر ناشرون وموزعون، 2008
300 _a256ص
_bيحتوي على ببلوغرافية وملاحق من 234-256ص
336 _atext
_btxt
_2rdacontent
337 _aunmediated
_bn
_2rdamedia
338 _avolume
_bnc
_2rdacarrier
650 4 _aالاعاقة السمعية - الصم والبكم - رعاية
_925953
999 _aA9773
_c13341
_d13341